| 000 | 01097nam a22003497a 4500 | ||
|---|---|---|---|
| 003 | CHAP | ||
| 005 | 20220329143522.0 | ||
| 008 | 100324s1992 mx a r 00010 spa d | ||
| 010 | _a97884 | ||
| 011 | _a98856 | ||
| 020 | _a9186274422 | ||
| 035 | _a109541 | ||
| 040 | _cCHAP | ||
| 082 | 1 | 4 |
_a615.3 _bSa49 |
| 100 | 1 |
_aSamuelsson, Gunnar _9101947 |
|
| 245 | 1 | 0 |
_aDrugs of natural origin : _ba textbook of pharmacognosy _c/por Gunnar Samuelsson |
| 250 | _a3 ed. | ||
| 260 |
_aEstocolmo : _bSwedish Pharmaceutical, _c1992 |
||
| 300 |
_a320 p. : _bilus. |
||
| 590 |
_aBATCH-UPD _b10 _c20130110 _lUCH01 _h1136 |
||
| 590 |
_aBATCH-UPD _b10 _c20130410 _lUCH01 _h0723 |
||
| 590 |
_aBATCH-UPD _b10 _c20130914 _lUCH01 _h0742 |
||
| 590 |
_aCONVERSION _b10 _c20130109 _lUCH01 _h1354 |
||
| 650 | 1 | 4 |
_aBotánica médica. _914680 |
| 650 | 1 | 4 |
_aFarmacología. _939762 |
| 650 | 1 | 4 |
_aMateria médica. _972929 |
| 650 | 1 | 4 |
_aMedicina tradicional. _973921 |
| 650 | 1 | 4 |
_aQuímica orgánica. _993598 |
| 901 | _aBK | ||
| 942 | _cLIBRO | ||
| 949 |
_a615.3 Sa49 _bBC _cLIBRO _d33724002162736 _eLIBRO _gI.c/e _h112128 _i109541 _si |
||
| 999 |
_c97884 _d97884 |
||